| 000 | 00584cab a2200205 4500 | ||
|---|---|---|---|
| 001 | X1996 | ||
| 008 | 090401t1980 xxu||||| |||| 00| 0 eng d | ||
| 035 | _a(Sirsi) u20972 | ||
| 041 | _aeng | ||
| 245 | _aDagg v Lovett | ||
| 260 | _c1980 | ||
| 350 | _a0 | ||
| 490 |
_aEstates Gazette _v1980 256 eg 491 |
||
| 650 | _aPROPERTY-LANDLORD AND TENANT-TENANCIES-AGRICULTURAL TENANCIES | ||
| 650 | _aAGRICULTURE (MISCELLANEOUS PROVISIONS) ACT 1954 S6 | ||
| 650 | _aNOTICE TO QUIT | ||
| 690 | _aLANDLORD AND TENANT-CASE LAW-AGRICULTURAL TENANCIES | ||
| 942 | _n0 | ||
| 948 | _c04/03/1997 | ||
| 999 |
_c14068 _d14068 |
||